NHL Teams That Have Never Won a Stanley Cup - Statistics

General Stats
  • This quiz has been taken 67 times
    20 since last reset
  • The average score is 9 of 10
Answer Stats
Losses Teams % Correct
never Winnipeg Jets
100%
never Minnesota Wild
94%
1982, 1994, 2011 Vancouver Canucks
94%
1977, 1999 Buffalo Sabres
88%
never Columbus Blue Jackets
88%
2016 San Jose Sharks
88%
2007 Ottawa Senators
81%
never Seattle Kraken
81%
2017 Nashville Predators
69%
never Utah Mammoth
69%
No matching quizzes found
Score Distribution
Percent of People with Each Score
Percentile by Number Answered
Your Score History
You have not taken this quiz since the last reset